| 000 | 00390 a2200157 4500 | ||
|---|---|---|---|
| 020 | _a9780141185286 | ||
| 022 | _a843.914 | ||
| 090 |
_c7046 _d7046 |
||
| 100 | _aSartre, Jean-Paul | ||
| 245 |
_aThe age of reason _cJean-Paul Sartre |
||
| 260 |
_aUSA _bPenguin Group _c1986 |
||
| 300 | _a299 p. | ||
| 650 | _aPhilosophical literature | ||
| 700 | _aJean-Paul Sartre | ||
| 942 |
_cBK _k843.914 SAR |
||
| 999 |
_c10854 _d10854 |
||